| 000 | 00848nas a2200277 4500 | ||
|---|---|---|---|
| 001 | BR9606498 | ||
| 003 | BR-BrBNA | ||
| 005 | 20231205095848.0 | ||
| 007 | ta | ||
| 008 | 230509b bl.|||p| |||| 00| 00por d | ||
| 040 |
_aBR-BrBNA _bpor _cBiblioteca Nacional de Agricultura |
||
| 041 | _a(Pt) | ||
| 072 | _aL74 | ||
| 100 | 1 | _aLemos, R.A.A. de | |
| 100 | 1 | _aFerreira, L.C.L. | |
| 100 | 1 | _aSilva, S.M. da | |
| 100 | 1 | _aNakazato, L. | |
| 100 | 1 | _aSalvador, S.C. | |
| 245 | 1 | _aFotossensibilizacao e colangiopatia associada a cristais em ovinos em pastagem com Brachiaria decumbens | |
| 650 | _aOvino | ||
| 650 | _aFotossensibilizacao | ||
| 650 | _aCapim Brachiaria | ||
| 773 | 0 |
_tCiencia Rural (Brazil) _xISSN 0103-8478 _g(Jan-Apr 1996), v. 26(1) p. 109-113 _wBR9606498 |
|
| 909 |
_a202311 _bLúcia _c55 _dLúcia Elande |
||
| 942 |
_2AGRIS _n0 _cANA |
||
| 999 |
_c153143 _d153143 |
||